000 00276nam a2200109Ia 4500
008 190216s9999||||xx |||||||||||||| ||und||
100 _aTripathi Pc
245 0 _aPersonnel Management And Industrial Relations
260 _bSulthan Chand &co
_c2000
300 _a552p
942 _cBK
999 _c5879
_d5879